Дело о периодических прибавках учащим начальных училищ Киевского учебного округа

Доступно только в Электронных читальных залах Найти на картеНа карте
RUSMARC
00003647nmc2a22002413x 450
00191666717-5e84-439c-b773-371ab39305d3
00520210401020128.0
100##$a20201019l19161916k l0rusy0189 ca
1010#$arus
102##$aRU
105##$ay###
1222#$ad
2001#$aДело о периодических прибавках учащим начальных училищ Киевского учебного округа
$j28 января - 29 июля 1916 г.
215##$a21 л.
$d36,5х26 см
251##$cДело
300##$aДело
371##$aДокумент не является опубликованным и широко распространяемым
461#0$1001a74412a3-3cc5-4d21-8f0a-dfe2fbd9e72d
$12001
$aДепартамент народного просвещения Министерства народного просвещения (1803-1917)
$1251
$cФонд
$1852
$j733
462#0$1001c9c0f809-e1ee-458c-a921-141b7f77403e
$12001
$aДела разряда по всеобщему обучению
$1251
$cОпись
$1852
$j186
801#0$aRU
$bРГИА
$c20201019
$gRCR
801#1$aRU
$bГлавНИВЦ
$c20201019
$2rusmarc
801#2$aRU
$bПБ им. Б.Н. Ельцина
$c20210401
$gRCR
$2rusmarc
850##$aРГИА
852##$aРГИА
$eФедеральное казенное учреждение "Российский государственный исторический архив" (РГИА)
$j2400
937##$hРГИА
$d12346334
$aASBIBLIO_SCAN
035##$aRusGRCC00017480
856##$uhttp://readingroom.main.prlib.ru/item.aspx?id_node=n160808213&mode=full
Формат отображения